000 00486nam a2200157 i 4500
001 183833
003 ES-MaACL
005 20230906221959.0
008 141022s1889 sp |||| | spa d
110 1 _aMadrid.
_bAyuntamiento
_9234069
245 1 0 _aEmpadronamiento general de los habitantes de Madrid...
_b: instrucción.
260 _aMadrid :
_b[s.n.],
_c1889.
651 _aMadrid (Comunidad Autónoma)-
_vCensos.
_9168225
852 _aES-MaACL
_jT-603-F-4
999 _c183833
_d183833